Μάξιμος ο γραικός
Αποθηκεύτηκε σε:
| Κύριος συγγραφέας: | |
|---|---|
| Μορφή: | Βιβλίο |
| Γλώσσα: | Greek |
| Δημοσίευση: |
Αθήνα :
Εστία,
|
| Θέματα: | |
| Ετικέτες: |
Προσθήκη ετικέτας
Δεν υπάρχουν, Καταχωρήστε ετικέτα πρώτοι!
|
MARC
| LEADER | 00000nam a2200000 i 4500 | ||
|---|---|---|---|
| 001 | 1/44030 | ||
| 008 | 961107s gre d | ||
| 035 | |l 10025891 | ||
| 040 | |a GR-MY-UA |b gre |e aacr | ||
| 041 | 0 | |a gre | |
| 082 | 0 | |a 889.3092 | |
| 100 | 1 | |a Σαρδέλης, Κώστας. | |
| 245 | 1 | 0 | |a Μάξιμος ο γραικός / |c Κώστα Σαρδελή |
| 260 | |a Αθήνα : |b Εστία, | ||
| 300 | |a 344 σ. | ||
| 500 | |a Περιέχει χρονολογικό διάγραμμα Μαξίμου του γραικού και της εποχής του | ||
| 600 | 1 | 0 | |a Μάξιμος ο Γραικός |c Άγιος |d π. 1470-1556. |
| 650 | 0 | 0 | |a Greek literature. |
| 650 | 0 | 0 | |a Biography. |
| 852 | |a INST |b CHIOS |e 19961107 |h 889.3092 ΣΑΡ |p 005200011505 |q 005200011505 |t BK |y 0 | ||
| 909 | |a Χ |b 047884 | ||